|
|
|
|
| LEADER |
00646nam a2200181Ia 4500 |
| 001 |
158431 |
| 008 |
170722s9999 xx 000 0 und d |
| 020 |
|
|
|a 8173053154
|
| 100 |
|
|
|a Chakravarty, Kalyan Kumar Etc
|
| 245 |
|
|
|a Traditional water management systems of India /
|
| 260 |
|
|
|a New Delhi :
|b Aryan Books International ,
|c 2006.
|
| 300 |
|
|
|a xxviii+192
|
| 653 |
|
|
|a Water Management
|
| 700 |
|
|
|a Ed.
|
| 923 |
|
|
|d 20080818
|n 857
|
| 942 |
|
|
|c REF
|
| 999 |
|
|
|c 137192
|d 137192
|
| 952 |
|
|
|0 0
|1 0
|4 0
|6 X_271D858_2_000000000000000_P6R
|7 0
|8 R
|9 193656
|a LIB
|b LIB
|d 2013-03-25
|e Penta Book Distributors
|o X:271(D85)-8.2 P6(R)
|p 267713
|r 2017-08-12
|v 1250.00
|w 2017-08-12
|y REF
|